| 000 | 01479nam a22003737a 4500 | ||
|---|---|---|---|
| 003 | CHAP | ||
| 005 | 20220329143403.0 | ||
| 008 | c90212s2008 mx a r 00010 spa d | ||
| 010 | _a95831 | ||
| 011 | _a96803 | ||
| 035 | _a107460 | ||
| 040 | _cCHAP | ||
| 090 | _aTesis | ||
| 100 | 1 |
_aCortés Hidalgo, Gustavo. _928366 |
|
| 245 | 1 | 0 |
_aManejo de Puccinia horiana Henn. en crisantemo (Dendranthema grandiflora Tzvelev) en Tepoztlán, Morelos con inductores de resistencia _c/por Gustavo Cortés Hidalgo |
| 260 |
_aChapingo, Méx. : _bEl autor, _c2008 |
||
| 300 |
_aix, 48 h. : _bilus., cuadro, gráfs. |
||
| 502 | _aTesis (Ing. Agr. Esp. en Parasitología Agrícola) -- UACH. Departamento de Parasitología Agrícola | ||
| 590 |
_aALEPH _b10 _c20130110 _lUCH01 _h1527 |
||
| 590 |
_aBATCH-UPD _b10 _c20130110 _lUCH01 _h0046 |
||
| 590 |
_aBATCH-UPD _b10 _c20130110 _lUCH01 _h1729 |
||
| 590 |
_aBATCH-UPD _b10 _c20130409 _lUCH01 _h2033 |
||
| 590 |
_aBATCH-UPD _b10 _c20130914 _lUCH01 _h1051 |
||
| 590 |
_aCONVERSION _b10 _c20130109 _lUCH01 _h1353 |
||
| 650 | 1 | 4 |
_aCrisantemo _xEnfermedades por hongos. _928951 |
| 650 | 1 | 4 |
_aCrisantemo _xEnfermedades. _928949 |
| 650 | 1 | 4 |
_aDendranthema morifolium. _931769 |
| 650 | 1 | 4 |
_aPuccinia horiana. _992827 |
| 650 | 1 | 4 |
_aRoya del crisantemo. _9100384 |
| 901 | _aBK | ||
| 942 | _cFOLL | ||
| 949 |
_aTesis _bBC _cTES _d33724002083629 _eTS1 _gDonaciØn _h48762 _i107460 _sb |
||
| 949 |
_aTesis _bBC _cTES _d33724002083660 _eTS2 _fc.2 _gDonaciØn _h48763 _i107460 _si |
||
| 999 |
_c95831 _d95831 |
||